Enhancing the effectiveness of active labour market policies

Saved in:
Bibliographic Details
Format: Book
Language:English
Published: Paris OECD 1996
Series:<The> OECD jobs strategy
Subjects:
Tags: Add Tag
No Tags, Be the first to tag this record!

MARC

LEADER 00000nam a2200000 4500
001 c120044
005 20221221084248.7
020 |a 92-64-14908-2 
041 0 |a eng 
044 |a FR 
245 1 0 |a Enhancing the effectiveness of active labour market policies 
264 1 |a Paris  |b OECD  |c 1996 
300 |a 49 s. 
490 1 |a <The> OECD jobs strategy 
830 0 |a <The> OECD jobs strategy 
610 2 0 |a zamestnanosť 
610 2 0 |a nezamestnanosť 
610 2 0 |a trh práce 
610 2 0 |a úrady práce 
610 2 0 |a politika zamestnanosti 
610 2 0 |a 1950-1997